Hedy Lamarr and a secret communication system / (Record no. 4627)

MARC details
000 -LEADER
fixed length control field 01958cam a22003974a 4500
001 - CONTROL NUMBER
control field 4627
003 - CONTROL NUMBER IDENTIFIER
control field FISKH9780736896412
005 - DATE AND TIME OF LATEST TRANSACTION
control field 20240918114635.0
008 - FIXED-LENGTH DATA ELEMENTS--GENERAL INFORMATION
fixed length control field 060207s2007 mnua j b 001 0deng
010 ## - LIBRARY OF CONGRESS CONTROL NUMBER
LC control number 2006004104
020 ## - INTERNATIONAL STANDARD BOOK NUMBER
International Standard Book Number 9780736864794 (hardcover)
020 ## - INTERNATIONAL STANDARD BOOK NUMBER
International Standard Book Number 9780736896412
020 ## - INTERNATIONAL STANDARD BOOK NUMBER
International Standard Book Number 0736864792 (hardcover)
020 ## - INTERNATIONAL STANDARD BOOK NUMBER
International Standard Book Number 0736896414 (pbk.)
040 ## - CATALOGING SOURCE
Original cataloging agency DLC
Transcribing agency DLC
Modifying agency DLC
Language of cataloging eng
050 ## - LIBRARY OF CONGRESS CALL NUMBER
Classification number TK5103.R63
082 ## - DEWEY DECIMAL CLASSIFICATION NUMBER
Classification number 621.384092
100 1# - MAIN ENTRY--PERSONAL NAME
Personal name Robbins, Trina.
245 10 - TITLE STATEMENT
Title Hedy Lamarr and a secret communication system /
Statement of responsibility, etc. by Trina Robbins ; illustrated by Cynthia Martin and Anne Timmons.
260 ## - PUBLICATION, DISTRIBUTION, ETC.
Place of publication, distribution, etc. Mankato :
Name of publisher, distributor, etc. Capstone,
Date of publication, distribution, etc. 2007.
300 ## - PHYSICAL DESCRIPTION
Extent 32 pages :
Other physical details color illustrations ;
Dimensions 23 cm
490 0# - SERIES STATEMENT
Series statement Graphic library, inventions and discovery
504 ## - BIBLIOGRAPHY, ETC. NOTE
Bibliography, etc. note Includes bibliographical references (p. 31) and index.
505 ## - FORMATTED CONTENTS NOTE
Formatted contents note Q<br/>
520 ## - SUMMARY, ETC.
Summary, etc. Discover the brilliant life of Hedy Lamarr in this full-color graphic novel. This talented film actress became an influential scientist with her invention of a secret radio system in the early 1940s, a building block of today's wireless communications. With comic book-style illustrations and short, engaging sentences, this biography will inspire, entertain, and inform young readers about an individual who made a significant contribution to society. This must-have graphic novel includes a bibliography, extended reading list, glossary, and further Internet sources.
521 8# - TARGET AUDIENCE NOTE
Target audience note 660<br/>
Source Lexile GN <br/>
521 8# - TARGET AUDIENCE NOTE
Target audience note Q<br/>
Source Raz-Plus<br/>
600 10 - SUBJECT ADDED ENTRY--PERSONAL NAME
Personal name Lamarr, Hedy,
Dates associated with a name 1913-2000
Form subdivision Juvenile literature.
650 #0 - SUBJECT ADDED ENTRY--TOPICAL TERM
Topical term or geographic name entry element Spread spectrum communications
Form subdivision Juvenile literature.
650 #0 - SUBJECT ADDED ENTRY--TOPICAL TERM
Topical term or geographic name entry element Motion picture actors and actresses
Geographic subdivision United States
Form subdivision Biography
-- Juvenile literature.
700 1# - ADDED ENTRY--PERSONAL NAME
Personal name Martin, Cynthia,
Dates associated with a name 1961-
Relator term Illustrator
700 1# - ADDED ENTRY--PERSONAL NAME
Personal name Timmons, Anne.
Relator term Illustrator
906 ## - LOCAL DATA ELEMENT F, LDF (RLIN)
a 7
b cbc
c orignew
d 1
e ecip
f 20
g y-gencatlg
942 ## - ADDED ENTRY ELEMENTS (KOHA)
Source of classification or shelving scheme Dewey Decimal Classification
Koha item type Books
Suppress in OPAC No
Holdings
Withdrawn status Lost status Source of classification or shelving scheme Damaged status Not for loan Collection Home library Current library Shelving location Date acquired Total Checkouts Full call number Barcode Date last seen Price effective from Koha item type
    Dewey Decimal Classification     Juvenile Fiction Footprints International School Library Network Toul Kork Campus Footprints International School Library Network Toul Kork Campus A TK Campus, Comic Books (All Reading Levels), B401 Bookcase 1/2, Shelf 3 09/18/2024   ROB 621.384092 TK5103.R63 FISTK01726 09/18/2024 09/18/2024 Books